000
00356nam a2200157Ia 4500
008
151213s9999 xx 000 0 und d
100
_a
M.L. Jhingan
245
_a
Macroeconomic theory
_c
M.L. Jhingan
250
_a
10th
260
_b
Vrinda
300
_a
1114 p.
650
_a
Economics
650
_a
Economics
700
_a
M.L. Jhingan
999
_c
1037
_d
1037